Good Graces - Sabrina Carpenter (All Lyrics) - Statistics

General Stats
  • This quiz has been taken 409 times
    176 since last reset
  • The average score is 331 of 391
Answer Stats
Lyrics % Correct
(I
100%
I
100%
you)
100%
you,
100%
You
100%
you
100%
a
99%
good
98%
graces
98%
my
98%
in
97%
it
97%
stay
97%
no
96%
(No)
96%
No,
96%
no,
96%
that
96%
that)
96%
That
96%
it's
95%
So
95%
so
95%
(So
95%
not
94%
should
94%
complicated
92%
Boy,
91%
like
91%
Like,
91%
(Like
91%
about
86%
give
86%
I'm
86%
me
86%
on
86%
do
85%
fuck
85%
won't
85%
won't,
85%
won't)
85%
amazin'
84%
(Amazin')
84%
At
83%
'Cause
83%
Don't
83%
don't
83%
into
83%
turnin'
83%
an
82%
lovin'
82%
some
82%
up
82%
fast
81%
fast)
81%
know
81%
love
81%
more
81%
Oh,
81%
(Oh)
81%
Oh
81%
When
81%
one's
78%
your
78%
And
77%
and
77%
hatred
76%
of
76%
switch
76%
bye
74%
sweet
74%
angel
73%
I'll
73%
cute
72%
the
72%
for
71%
guys
71%
let
71%
somethin'
71%
was
71%
sus,
70%
advice
69%
lots
69%
mine?
68%
say
68%
movin'
67%
second,
67%
With
67%
ass
66%
heart
66%
mistake
66%
Baby,
65%
waste
65%
Yeah
65%
(Yeah)
65%
favorite
63%
suspect,
63%
tell
63%
athlete
62%
being
62%
nice
62%
this
62%
swear
61%
Want
61%
hearts
60%
naive
60%
really
60%
chores
59%
Drawin'
59%
finish
59%
rockin'
59%
Break
58%
cradles
58%
every
58%
night
58%
ooh
58%
prematurely
58%
world
58%
kiss
57%
need
57%
writing
57%
vows,
56%
other
55%
names
53%
Or
53%
dreamin'
52%
our
52%
Shoot
49%
shot
49%
'round
48%
his
46%
mm
44%
Mm
44%
cool
40%
No matching quizzes found
Score Distribution
Percent of People with Each Score
Percentile by Number Answered
Your Score History
You have not taken this quiz since the last reset